| 000 | 00485nam a22001577a 4500 | ||
|---|---|---|---|
| 020 | _qHBK. | ||
| 082 | _a658 | ||
| 100 | _aCheema, Umaima Azhar | ||
| 245 |
_aThe Effect of Terrorist Attacks on KSE-100 Index and Forex _cUmaima Azhar Cheema. |
||
| 260 |
_aIslamabad: _bNBS - NUST, _c2015. |
||
| 300 |
_a43 p. : ill. ; _c30cm. |
||
| 650 |
_aMBA Thesis. _917629 |
||
| 700 |
_aMr. Bilal Ahmed Chohan. _918188 |
||
| 942 |
_2ddc _cTHE |
||
| 999 |
_c527475 _d527475 |
||